000 00574nam a2200217Ia 4500
005 20250108124923.0
008 008 250107s9999 xx 000 0 eng d
037 _aTB
040 _aCRL
_beng
_cCRL
041 _aeng
_2eng
084 _aV2:51wM01 152Q1
084 _qCRL
100 _aAhuja M. L. Au.
245 0 _aEminent Indians: revolutionaries
_cAhuja M. L. Au.
260 _aNew Delhi, India
_bRupa
_c2668
300 _axiii,73p.
365 _aINR
_b270
650 _aBIOGRAPHY
942 _cTB
_hV2:51wM01 152Q1
999 _c1235056
_d1235056